[Event "Tradewise Gibraltar Chess Festival 2013"]
[Site "Gibraltar ENG"]
[Date "2013.01.24"]
[Round "3.104"]
[White "Allor, Chukwuka"]
[Black "George, Lolomari Erekosima"]
[Result "1-0"]
[WhiteElo "2154"]
[BlackElo "1869"]
[PlyCount "77"]
[EventDate "2013.01.22"]
[EventType "swiss"]
[EventRounds "10"]
[EventCountry "ENG"]
[Source "lmi"]
[SourceDate "2013.01.22"]

1. e4 c6 2. Nc3 d5 3. Nf3 Bg4 4. h3 Bxf3 5. Qxf3 e6 6. g3 Nf6 7. Bg2 dxe4 8.
Nxe4 Nxe4 9. Qxe4 Qd5 10. O-O Qxe4 11. Bxe4 Nd7 12. d4 Nf6 13. Bf3 O-O-O 14.
Rd1 Be7 15. c4 Kb8 16. Be3 Rd7 17. b4 Rc8 18. a3 Bd6 19. g4 Rcd8 20. Kg2 Bc7
21. Ra2 Ng8 22. b5 cxb5 23. Rb1 a6 24. a4 b4 25. Rxb4 Ba5 26. Rb3 Rc8 27. Rab2
Rxc4 28. Rxb7+ Rxb7 29. Rxb7+ Kc8 30. Rxf7 Nf6 31. Rxg7 Nd5 32. Bxd5 exd5 33.
Ra7 Bb6 34. Rxh7 Bxd4 35. Bxd4 Rxd4 36. g5 Rf4 37. g6 Rf6 38. g7 Rg6+ 39. Kf1
1-0

[Event "Tradewise Gibraltar Chess Festival 2013"]
[Site "Gibraltar ENG"]
[Date "2013.01.24"]
[Round "3.105"]
[White "Freuler, Roman"]
[Black "Reid, Vaness"]
[Result "1/2-1/2"]
[WhiteElo "2098"]
[BlackElo "1844"]
[PlyCount "59"]
[EventDate "2013.01.22"]
[EventType "swiss"]
[EventRounds "10"]
[EventCountry "ENG"]
[Source "lmi"]
[SourceDate "2013.01.22"]

1. e4 c6 2. d4 d5 3. Nc3 dxe4 4. Nxe4 Bf5 5. Ng3 Bg6 6. h4 h6 7. Nf3 e6 8. Ne5
Bh7 9. Bf4 Nd7 10. Bd3 Bxd3 11. Qxd3 Nxe5 12. Bxe5 Qa5+ 13. c3 O-O-O 14. Qe2
Ne7 15. O-O Ng6 16. h5 Nxe5 17. dxe5 Rd5 18. Rfe1 Be7 19. Qg4 Rg8 20. Qf4 Rf8
21. Qe4 Rh8 22. a4 Qc7 23. Re2 Rhd8 24. Rae1 Kb8 25. Kh1 a6 26. Qg4 Bf8 27. Qe4
Qe7 28. Qg4 Qc7 29. b4 a5 30. Re4 1/2-1/2

[Event "Tradewise Gibraltar Chess Festival 2013"]
[Site "Gibraltar ENG"]
[Date "2013.01.24"]
[Round "3.106"]
[White "Hamer, Martyn"]
[Black "Chidi, Lovinia Sylvia"]
[Result "1-0"]
[WhiteElo "2025"]
[BlackElo "1820"]
[PlyCount "57"]
[EventDate "2013.01.22"]
[EventType "swiss"]
[EventRounds "10"]
[EventCountry "ENG"]
[Source "lmi"]
[SourceDate "2013.01.22"]

1. Nf3 c5 2. c4 e6 3. g3 Nf6 4. Bg2 g6 5. O-O Bg7 6. d4 cxd4 7. Nxd4 O-O 8. Nc3
a6 9. Bg5 h6 10. Bf4 d6 11. Nb3 e5 12. Be3 Nc6 13. Rc1 Ng4 14. Bd2 Be6 15. h3
Nf6 16. Nd5 Bxd5 17. cxd5 Ne7 18. e4 Rc8 19. Qe2 Rxc1 20. Rxc1 Qb8 21. Bb4 Rd8
22. Na5 Ne8 23. Qe3 f5 24. Qb6 f4 25. Qxb7 Qxb7 26. Nxb7 Rb8 27. Nxd6 Rxb4 28.
Nxe8 Kf8 29. Nxg7 1-0

[Event "Tradewise Gibraltar Chess Festival 2013"]
[Site "Gibraltar ENG"]
[Date "2013.01.24"]
[Round "3.107"]
[White "Sevillano Leal, Julio"]
[Black "Fairbairn, Stephen"]
[Result "0-1"]
[WhiteElo "1807"]
[BlackElo "2021"]
[PlyCount "66"]
[EventDate "2013.01.22"]
[EventType "swiss"]
[EventRounds "10"]
[EventCountry "ENG"]
[Source "lmi"]
[SourceDate "2013.01.22"]

1. c4 d6 2. Nc3 g6 3. g3 Bg7 4. Bg2 Nc6 5. Nf3 e5 6. O-O f5 7. d3 Nf6 8. a3 O-O
9. Qc2 h6 10. b4 Be6 11. e3 Qd7 12. Bb2 g5 13. Rac1 Ne7 14. Ne2 Ng6 15. Nd2 c6
16. f4 Ng4 17. Rf3 Rae8 18. h3 Nf6 19. Rf2 gxf4 20. exf4 e4 21. dxe4 fxe4 22.
Nxe4 Bf5 23. Bxf6 Bxf6 24. Nxf6+ Rxf6 25. Qc3 Rfe6 26. Qf3 Qg7 27. Qh5 Bd3 28.
Bf3 Bxe2 29. Bxe2 Nxf4 30. Rxf4 Qxg3+ 31. Kh1 Qxf4 32. Rg1+ Kh8 33. Bg4 Re1 0-1

[Event "Tradewise Gibraltar Chess Festival 2013"]
[Site "Gibraltar ENG"]
[Date "2013.01.24"]
[Round "3.108"]
[White "Iasman, Inna"]
[Black "Colompar, Ladislau-Alexandru"]
[Result "1-0"]
[WhiteElo "2019"]
[BlackElo "1790"]
[PlyCount "109"]
[EventDate "2013.01.22"]
[EventType "swiss"]
[EventRounds "10"]
[EventCountry "ENG"]
[Source "lmi"]
[SourceDate "2013.01.22"]

1. d4 d6 2. Nf3 g6 3. c4 Bg7 4. e4 Nf6 5. Nc3 O-O 6. Be2 Nbd7 7. Be3 Ng4 8. Bg5
h6 9. Bh4 c5 10. d5 Re8 11. h3 Ngf6 12. O-O a6 13. Bg3 Nh5 14. Bh2 Nf8 15. e5
g5 16. Nxg5 hxg5 17. Bxh5 dxe5 18. Ne4 Nh7 19. Qf3 Rf8 20. Nxc5 Qd6 21. Ne4 Qh6
22. Qd1 f5 23. Nc3 Nf6 24. Be2 f4 25. f3 Nh5 26. Ne4 Bf5 27. Qe1 Bf6 28. Qf2
Kg7 29. Rfc1 Rh8 30. Bd3 Bd7 31. Kf1 Kf7 32. Bg1 Bxh3 33. gxh3 Ng3+ 34. Nxg3
Qxh3+ 35. Qg2 Qxg3 36. Qxg3 fxg3 37. Kg2 e4 38. fxe4 Be5 39. Rf1+ Kg6 40. Rab1
Bf4 41. e5+ Kh5 42. Bd4 Kg4 43. Rh1 Rh2+ 44. Rxh2 gxh2 45. e6 Bg3 46. Rf1 Bf4
47. a4 a5 48. b3 b6 49. Rh1 Rf8 50. Be4 Bd6 51. Bxb6 Rf4 52. Bc2 Rf6 53. Be3
Kh4 54. Bf2+ Kh5 55. Bg3 1-0

[Event "Tradewise Gibraltar Chess Festival 2013"]
[Site "Gibraltar ENG"]
[Date "2013.01.24"]
[Round "3.109"]
[White "Scholl, Alois"]
[Black "Baeza Escudero, Javier"]
[Result "0-1"]
[WhiteElo "1765"]
[BlackElo "2009"]
[PlyCount "118"]
[EventDate "2013.01.22"]
[EventType "swiss"]
[EventRounds "10"]
[EventCountry "ENG"]
[Source "lmi"]
[SourceDate "2013.01.22"]

1. e4 c5 2. Nf3 d6 3. Bc4 e6 4. c3 Nf6 5. d3 Be7 6. O-O O-O 7. Re1 d5 8. Bb3 b5
9. e5 Ne8 10. d4 Nc6 11. Be3 c4 12. Bc2 f5 13. Qd2 h6 14. g3 b4 15. Kg2 Rb8 16.
Ba4 Na5 17. Rh1 Bd7 18. Bxd7 Qxd7 19. h4 Qb7 20. cxb4 Qxb4 21. Qxb4 Bxb4 22.
Nc3 Nc7 23. h5 Be7 24. Rab1 Na6 25. Bd2 Nc6 26. a3 Rb3 27. Na2 Rfb8 28. Bc3
Bxa3 29. Nd2 Rxb2 30. Bxb2 Rxb2 31. Rxb2 Bxb2 32. Rb1 Bxd4 33. Nf3 Bxe5 34.
Nxe5 Nxe5 35. f4 Nd7 36. Rb7 Nac5 37. Rxa7 Kf7 38. Kf1 g6 39. hxg6+ Kxg6 40.
Ra8 Nf6 41. Rc8 Nce4 42. Kg2 Nh5 43. Nb4 Nhxg3 44. Nc2 Nh5 45. Kf3 Nd2+ 46. Ke3
Nb3 47. Kf3 Ng7 48. Ke3 h5 49. Nd4 Nc1 50. Nf3 Nd3 51. Ng5 h4 52. Rc6 Nxf4 53.
Kxf4 Nh5+ 54. Kf3 Kxg5 55. Rxe6 d4 56. Re8 Nf6 57. Re5 c3 58. Rc5 h3 59. Rc8 h2
0-1

[Event "Tradewise Gibraltar Chess Festival 2013"]
[Site "Gibraltar ENG"]
[Date "2013.01.24"]
[Round "3.110"]
[White "Reppen, Ellisiv"]
[Black "Candano Gonzalez, Alvaro"]
[Result "0-1"]
[WhiteElo "2005"]
[BlackElo "1717"]
[PlyCount "160"]
[EventDate "2013.01.22"]
[EventType "swiss"]
[EventRounds "10"]
[EventCountry "ENG"]
[Source "lmi"]
[SourceDate "2013.01.22"]

1. e4 c5 2. Nf3 g6 3. c3 Bg7 4. d4 cxd4 5. cxd4 d5 6. exd5 Nf6 7. Nc3 Nxd5 8.
Bc4 Nb6 9. Bb3 Nc6 10. Be3 O-O 11. h3 Bf5 12. O-O Rc8 13. Rc1 Nb4 14. a3 Nd3
15. Rb1 Nxb2 16. Rxb2 Rxc3 17. Qd2 Qc8 18. Ne5 Bxe5 19. dxe5 Rd8 20. Qe1 Bd3
21. e6 f6 22. Bd2 Rc7 23. Bf4 Rc6 24. Qb4 Kf8 25. Rd1 Bc4 26. Rxd8+ Qxd8 27.
Rd2 Qc8 28. Bh6+ Ke8 29. Bxc4 Rxc4 30. Qb2 Rc1+ 31. Kh2 Re1 32. Be3 Qc7+ 33. g3
Qc6 34. Rd8+ Kxd8 35. Qd2+ Ke8 36. Qxe1 Qxe6 37. Qb4 Qc6 38. Qh4 h5 39. Qf4 g5
40. Qb8+ Nc8 41. Bxa7 Kf7 42. Be3 b5 43. Bd4 Qc4 44. Be3 Qc6 45. Bd4 h4 46.
gxh4 gxh4 47. Qf4 Qd6 48. Qxd6 Nxd6 49. Kg2 Ke6 50. Bc5 Kd5 51. Bb4 e5 52. Kf3
f5 53. Ke2 Nc4 54. Kd3 Nd6 55. f3 e4+ 56. fxe4+ fxe4+ 57. Ke2 Nf5 58. Kf1 Ne3+
59. Kf2 Kd4 60. Be7 Nf5 61. Bb4 Kd3 62. Ke1 Ke3 63. Kf1 Kf3 64. Be1 Ne3+ 65.
Kg1 Nf5 66. Kf1 e3 67. Bc3 Kg3 68. Ke2 Kxh3 69. Kf3 Ne7 70. Be1 Nd5 71. Ke4 Kg4
72. Kxd5 h3 73. Ke4 h2 74. Kxe3 h1=Q 75. Bb4 Qd5 76. Ke2 Qb3 77. Kd2 Kf3 78.
Kc1 Ke2 79. Bd2 Kd3 80. Bb4 Qc2# 0-1

[Event "Tradewise Gibraltar Chess Festival 2013"]
[Site "Gibraltar ENG"]
[Date "2013.01.24"]
[Round "3.111"]
[White "Skrabakova, Katarina"]
[Black "Garcia Lechugo, Francisco"]
[Result "1-0"]
[WhiteElo "1991"]
[BlackElo "1645"]
[PlyCount "65"]
[EventDate "2013.01.22"]
[EventType "swiss"]
[EventRounds "10"]
[EventCountry "ENG"]
[Source "lmi"]
[SourceDate "2013.01.22"]

1. e4 d5 2. exd5 Qxd5 3. Nc3 Qa5 4. Nf3 Bg4 5. Bc4 e6 6. h3 Bxf3 7. Qxf3 Qe5+
8. Ne2 Nc6 9. c3 Qf6 10. Qxf6 Nxf6 11. d4 Na5 12. Bb5+ c6 13. Bd3 b6 14. Bf4
Nd5 15. Bg3 Rd8 16. O-O Bd6 17. Rae1 Bxg3 18. Nxg3 O-O 19. f4 c5 20. dxc5 Nxc3
21. Bxh7+ Kxh7 22. bxc3 Rd3 23. Rf3 Rxf3 24. gxf3 bxc5 25. Re5 Nb7 26. f5 Re8
27. Ne4 f6 28. Rxe6 Rxe6 29. fxe6 Kg8 30. f4 f5 31. Ng3 g6 32. h4 Nd8 33. e7
1-0

[Event "Tradewise Gibraltar Chess Festival 2013"]
[Site "Gibraltar ENG"]
[Date "2013.01.24"]
[Round "3.113"]
[White "Neumanova, Monika"]
[Black "Campos Calvo-Sotelo, Juan"]
[Result "1-0"]
[WhiteElo "1701"]
[BlackElo "1978"]
[PlyCount "129"]
[EventDate "2013.01.22"]
[EventType "swiss"]
[EventRounds "10"]
[EventCountry "ENG"]
[Source "lmi"]
[SourceDate "2013.01.22"]

1. d4 b5 2. e4 a6 3. f3 e6 4. c3 c5 5. Be3 cxd4 6. cxd4 Nf6 7. a3 Bb7 8. b4 Nc6
9. Bd3 g6 10. Ne2 Bg7 11. O-O O-O 12. Nbc3 Rc8 13. Rc1 d6 14. Qd2 Nd7 15. Bf2
Qe7 16. d5 Nce5 17. dxe6 fxe6 18. Bg3 Nxd3 19. Qxd3 Ne5 20. Qd2 Nc4 21. Qa2 Rc7
22. Rfd1 Rfc8 23. Qb3 Kh8 24. Rd3 Rd7 25. Rcd1 Rcd8 26. Nd4 e5 27. Nc2 h5 28.
Ne3 Nxe3 29. Rxe3 h4 30. Bf2 Bh6 31. Red3 Bf4 32. Nd5 Qg5 33. Nb6 Rc7 34. Qe6
Rc6 35. Nd5 Bc8 36. Qe7 Qxe7 37. Nxe7 Rc2 38. Nxg6+ Kg7 39. Bxh4 Re8 40. Rxd6
Be3+ 41. Kf1 Bd4 42. Bg3 Ra2 43. Rd3 Ra1+ 44. Ke2 Ra2+ 45. Kf1 Ra1+ 46. Be1 Be6
47. R3xd4 exd4 48. Nf4 Bc4+ 49. Kf2 Rd1 50. g4 d3 51. h4 Rf8 52. Bc3+ Kf7 53.
Ke3 Ke7 54. e5 Rxf4 55. Kxf4 Rh1 56. h5 Rh3 57. h6 Be6 58. g5 Rh4+ 59. Ke3 Bc4
60. Rxa6 Rh2 61. Ra7+ Ke6 62. h7 Re2+ 63. Kf4 Rh2 64. Ra6+ Ke7 65. Rh6 1-0

[Event "Tradewise Gibraltar Chess Festival 2013"]
[Site "Gibraltar ENG"]
[Date "2013.01.24"]
[Round "3.114"]
[White "Kuenitz, Klaus"]
[Black "Obiamiwe, Paul"]
[Result "0-1"]
[WhiteElo "1643"]
[BlackElo "1973"]
[PlyCount "68"]
[EventDate "2013.01.22"]
[EventType "swiss"]
[EventRounds "10"]
[EventCountry "ENG"]
[Source "lmi"]
[SourceDate "2013.01.22"]

1. d4 Nf6 2. c4 g6 3. Nf3 Bg7 4. Nc3 O-O 5. Bf4 d6 6. e3 c5 7. d5 b5 8. cxb5 a6
9. a3 axb5 10. Bxb5 Qa5 11. O-O Nh5 12. Bg5 Ra7 13. Be2 Ba6 14. Bxa6 Qxa6 15.
e4 h6 16. Be3 Nd7 17. Qd2 Kh7 18. g4 Nhf6 19. h3 Rb8 20. b4 Qc4 21. Rfe1 Nxg4
22. Rec1 Nxe3 23. Qxe3 Qa6 24. b5 Qa5 25. a4 Nb6 26. Nd2 Qb4 27. Qd3 Nxa4 28.
Rxa4 Rxa4 29. Nxa4 Qxa4 30. Rb1 Bf6 31. Nc4 Rxb5 32. Nb6 Rxb1+ 33. Qxb1 Qb4 34.
Qxb4 cxb4 0-1

[Event "Tradewise Gibraltar Chess Festival 2013"]
[Site "Gibraltar ENG"]
[Date "2013.01.24"]
[Round "3.115"]
[White "Sielicki, Tomasz"]
[Black "Tveten, Per"]
[Result "1-0"]
[WhiteElo "1969"]
[BlackElo "1597"]
[PlyCount "112"]
[EventDate "2013.01.22"]
[EventType "swiss"]
[EventRounds "10"]
[EventCountry "ENG"]
[Source "lmi"]
[SourceDate "2013.01.22"]

1. d4 d5 2. c4 c6 3. Nf3 Nf6 4. Nc3 Bf5 5. cxd5 cxd5 6. Qb3 Qb6 7. Nxd5 Nxd5 8.
Qxd5 e6 9. Qb3 Bb4+ 10. Bd2 Nc6 11. e3 O-O 12. Be2 Bxd2+ 13. Nxd2 Nb4 14. Rc1
Nc2+ 15. Kd1 Rac8 16. Qxb6 axb6 17. e4 Nxd4 18. Rxc8 Rxc8 19. exf5 Nxf5 20. Nf3
Nd6 21. Bd3 Rd8 22. Ke2 f6 23. Rd1 Nf7 24. Bc4 Rxd1 25. Kxd1 Nd8 26. Nd4 Kf7
27. a4 Ke7 28. Kd2 g6 29. f4 Kd6 30. Kc3 e5 31. Nb5+ Kd7 32. fxe5 fxe5 33. Na7
Kc7 34. Nb5+ Kd7 35. Bd5 h5 36. Kd3 Nc6 37. Bxc6+ bxc6 38. Nc3 Kd6 39. b4 g5
40. Ne4+ Kd5 41. Nf6+ Kd6 42. Nxh5 c5 43. b5 Ke6 44. Ng3 Kd5 45. Ne4 c4+ 46.
Ke3 c3 47. Nxc3+ Kc4 48. Kd2 Kb4 49. Kd3 g4 50. h3 gxh3 51. gxh3 Kc5 52. h4 Kd6
53. h5 Ke6 54. h6 Kf7 55. Nd5 Kg6 56. Nxb6 Kxh6 1-0

[Event "Tradewise Gibraltar Chess Festival 2013"]
[Site "Gibraltar ENG"]
[Date "2013.01.24"]
[Round "3.116"]
[White "Savage, Neil"]
[Black "Nwachukwu, Chino"]
[Result "0-1"]
[WhiteElo "1620"]
[BlackElo "1962"]
[PlyCount "61"]
[EventDate "2013.01.22"]
[EventType "swiss"]
[EventRounds "10"]
[EventCountry "ENG"]
[Source "lmi"]
[SourceDate "2013.01.22"]

1. e4 c5 2. Nc3 Nc6 3. f4 g6 4. Nf3 Bg7 5. Bb5 Nd4 6. Bc4 e6 7. e5 Ne7 8. d3
O-O 9. O-O d5 10. exd6 Qxd6 11. Ne4 Qc7 12. Be3 Nef5 13. Bxd4 Nxd4 14. c3 Nf5
15. Qe2 a6 16. Bb3 b6 17. g3 Bb7 18. Rad1 Rad8 19. Bc2 b5 20. Qf2 Rd5 21. Bb3
c4 22. Bc2 cxd3 23. Rxd3 Rfd8 24. Rfd1 Rxd3 25. Rxd3 Bd5 26. Qc5 Qb7 27. Bb3
Bf8 28. Qf2 Bxe4 29. Rxd8 Bxf3 30. Qc5 Qe7 31. Ra8 0-1

[Event "Tradewise Gibraltar Chess Festival 2013"]
[Site "Gibraltar ENG"]
[Date "2013.01.24"]
[Round "3.117"]
[White "Viana, Eduardo Escudeiro"]
[Black "Cebada Benitez, Fernando"]
[Result "1-0"]
[WhiteElo "1600"]
[BlackElo "1958"]
[PlyCount "101"]
[EventDate "2013.01.22"]
[EventType "swiss"]
[EventRounds "10"]
[EventCountry "ENG"]
[Source "lmi"]
[SourceDate "2013.01.22"]

1. d4 Nf6 2. Nf3 g6 3. c4 Bg7 4. Nc3 d6 5. e4 O-O 6. Be2 Nc6 7. O-O e5 8. d5
Ne7 9. h3 Nh5 10. Ne1 Nf4 11. Nd3 Nxe2+ 12. Qxe2 f5 13. f3 f4 14. c5 g5 15. Bd2
Ng6 16. cxd6 cxd6 17. Rac1 h5 18. Nb5 Qb6+ 19. Nf2 Rf6 20. Rc3 Bd7 21. Rb3 Qd8
22. Bb4 Bf8 23. Rc1 a6 24. Nc7 Rb8 25. Ba5 Bb5 26. Qc2 b6 27. Ne6 Rxe6 28. dxe6
bxa5 29. Rc3 Qf6 30. a4 Be8 31. Rc8 Rxc8 32. Qxc8 Bxa4 33. Qxa6 Bb3 34. Qxa5
Qxe6 35. Qd8 Qe7 36. Qb8 Be6 37. b4 d5 38. exd5 Bxd5 39. b5 Qb7 40. Qe8 Qf7 41.
Qd8 Ne7 42. Rc7 Qe6 43. Rxe7 Qxe7 44. Qxd5+ Kg7 45. b6 Qc5 46. Qd7+ Kg6 47.
Qe6+ Kh7 48. b7 Qb4 49. Qf7+ Kh6 50. Kh2 g4 51. hxg4 1-0

[Event "Tradewise Gibraltar Chess Festival 2013"]
[Site "Gibraltar ENG"]
[Date "2013.01.24"]
[Round "3.118"]
[White "Henrichsen, Jens"]
[Black "Berggren, Klas"]
[Result "1/2-1/2"]
[WhiteElo "1957"]
[BlackElo "1523"]
[PlyCount "125"]
[EventDate "2013.01.22"]
[EventType "swiss"]
[EventRounds "10"]
[EventCountry "ENG"]
[Source "lmi"]
[SourceDate "2013.01.22"]

1. d4 d5 2. c4 e6 3. Nf3 Nf6 4. Nc3 Be7 5. Bg5 O-O 6. e3 Nbd7 7. Rc1 b6 8. cxd5
exd5 9. Ne5 Bb7 10. Bb5 Nxe5 11. dxe5 Nd7 12. Bxe7 Qxe7 13. Nxd5 Qxe5 14. Rxc7
Bxd5 15. Rxd7 Bxg2 16. Rg1 Qxb5 17. Rxg2 Qxb2 18. Rd2 Qc3 19. Kf1 Rfe8 20. Rd4
Qc6 21. h4 Qf6 22. Rf4 Qc3 23. Qd5 Qc7 24. Rxg7+ Kxg7 25. Qg5+ Kf8 26. Qh6+ Ke7
27. Rxf7+ Kxf7 28. Qxh7+ Kf8 29. Qxc7 Re7 30. Qf4+ Rf7 31. Qd6+ Re7 32. Qf4+
Rf7 33. Qh6+ Ke7 34. Qg5+ Kf8 35. Qh6+ Ke7 36. Qg5+ Kf8 37. Qe5 Kg8 38. Qd5
Raf8 39. Qg5+ Kh8 40. Qh6+ Kg8 41. Qg6+ Kh8 42. Qg3 Rf3 43. Qe5+ Kh7 44. Qh5+
Kg7 45. Qe5+ Kh7 46. Qe4+ Kg7 47. Qd4+ Kh6 48. e4 R3f4 49. Ke2 Kh5 50. Qe3 Kxh4
51. Qg3+ Kh5 52. Qh3+ Kg5 53. Qg3+ Kh5 54. f3 Rxf3 55. Qxf3+ Rxf3 56. Kxf3 Kg5
57. Ke3 Kf6 58. Kd4 Ke6 59. a4 a6 60. e5 b5 61. axb5 axb5 62. Kc5 Kxe5 63. Kxb5
1/2-1/2

[Event "Tradewise Gibraltar Chess Festival 2013"]
[Site "Gibraltar ENG"]
[Date "2013.01.24"]
[Round "3.119"]
[White "Piovar, Jaroslav"]
[Black "Agbabishvili, Lali"]
[Result "0-1"]
[WhiteElo "1536"]
[BlackElo "1954"]
[PlyCount "78"]
[EventDate "2013.01.22"]
[EventType "swiss"]
[EventRounds "10"]
[EventCountry "ENG"]
[Source "lmi"]
[SourceDate "2013.01.22"]

1. d4 d6 2. c4 e5 3. e3 Nf6 4. Nc3 Nbd7 5. Bd3 Be7 6. Nge2 g6 7. O-O Nh5 8. Ng3
Nxg3 9. fxg3 Bf6 10. Nd5 Bg7 11. Bc2 O-O 12. Nc3 Nb6 13. b3 exd4 14. exd4 Be6
15. Rb1 d5 16. c5 Nd7 17. Ba3 a6 18. c6 bxc6 19. Bxf8 Qxf8 20. Kh1 c5 21. dxc5
Bxc3 22. Qd3 Bg7 23. c6 Ne5 24. Qd2 Nxc6 25. Rbe1 Qd6 26. a4 Nd4 27. Rd1 Rb8
28. Qf2 c5 29. Rd2 Nxb3 30. Bxb3 Rxb3 31. Rfd1 d4 32. Qe2 c4 33. Qe4 Bf5 34.
Qa8+ Rb8 35. Qf3 c3 36. Qxc3 dxc3 37. Rxd6 c2 38. Rd8+ Rxd8 39. Rxd8+ Bf8 0-1

[Event "Tradewise Gibraltar Chess Festival 2013"]
[Site "Gibraltar ENG"]
[Date "2013.01.24"]
[Round "3.120"]
[White "Kazmierczak, Ewa"]
[Black "Lochte, Szilvia"]
[Result "0-1"]
[WhiteElo "1512"]
[BlackElo "1923"]
[PlyCount "92"]
[EventDate "2013.01.22"]
[EventType "swiss"]
[EventRounds "10"]
[EventCountry "ENG"]
[Source "lmi"]
[SourceDate "2013.01.22"]

1. e4 c5 2. Nf3 e6 3. d4 cxd4 4. Nxd4 a6 5. Nc3 Qc7 6. Be2 Nf6 7. O-O Bb4 8.
Qd3 b5 9. Bf3 Nc6 10. Nxc6 dxc6 11. a3 Be7 12. Ne2 Bb7 13. Qc3 c5 14. Bf4 Qb6
15. Qe3 h6 16. Rad1 g5 17. Be5 Rg8 18. Bxf6 Bxf6 19. e5 Be7 20. Bxb7 Qxb7 21.
Ng3 Rd8 22. Ne4 Rd5 23. Rxd5 Qxd5 24. Nc3 Qc6 25. Qe4 Qxe4 26. Nxe4 Kd7 27.
Rd1+ Kc6 28. Kf1 Rd8 29. Rxd8 Bxd8 30. Nd6 f5 31. Nf7 Bc7 32. Nxh6 Bxe5 33. Nf7
Bf6 34. g3 g4 35. c3 b4 36. cxb4 cxb4 37. axb4 Kb5 38. Ke2 Kxb4 39. f4 a5 40.
Kd2 Kb3 41. Nd6 Bxb2 42. Nb7 Kb4 43. Kc2 Bf6 44. Kb1 Be7 45. Kb2 Kb5 46. Kb3
a4+ 0-1

[Event "Tradewise Gibraltar Chess Festival 2013"]
[Site "Gibraltar ENG"]
[Date "2013.01.25"]
[Round "4.6"]
[White "Iturrizaga, Eduardo"]
[Black "Dzagnidze, Nana"]
[Result "1-0"]
[WhiteElo "2650"]
[BlackElo "2555"]
[PlyCount "63"]
[EventDate "2013.01.22"]
[EventType "swiss"]
[EventRounds "10"]
[EventCountry "ENG"]
[Source "lmi"]
[SourceDate "2013.01.22"]

1. Nf3 Nf6 2. c4 e6 3. Nc3 Bb4 4. Qc2 c5 5. a3 Bxc3 6. Qxc3 b6 7. b4 O-O 8. Bb2
Bb7 9. e3 Na6 10. Be2 Qe7 11. b5 Nc7 12. O-O d5 13. d3 Rfd8 14. a4 a5 15. Rfd1
Nce8 16. Ne5 Rac8 17. Qa3 Nd6 18. d4 Nf5 19. dxc5 bxc5 20. Rac1 Ne4 21. cxd5
exd5 22. Bg4 Nh4 23. f3 f5 24. fxe4 fxg4 25. exd5 Bxd5 26. e4 Bxe4 27. Qb3+ c4
28. Rxd8+ Rxd8 29. Qxc4+ Bd5 30. Qxg4 Nxg2 31. Rc8 Ne3 32. Nc6 1-0

[Event "Tradewise Gibraltar Chess Festival 2013"]
[Site "Gibraltar ENG"]
[Date "2013.01.25"]
[Round "4.7"]
[White "Jakubiec, Artur"]
[Black "Tkachiev, Vladislav"]
[Result "1/2-1/2"]
[WhiteElo "2518"]
[BlackElo "2650"]
[PlyCount "42"]
[EventDate "2013.01.22"]
[EventType "swiss"]
[EventRounds "10"]
[EventCountry "ENG"]
[Source "lmi"]
[SourceDate "2013.01.22"]

1. e4 e5 2. Nf3 Nc6 3. Bc4 Bc5 4. d3 Nf6 5. Bb3 d6 6. c3 h6 7. O-O O-O 8. Re1
Be6 9. Nbd2 Bxb3 10. Qxb3 Rb8 11. Nf1 Re8 12. Ng3 Qd7 13. Be3 Bxe3 14. fxe3 Qe6
15. Qc2 Ne7 16. h3 Ng6 17. Qa4 a6 18. Rad1 c6 19. Qb3 d5 20. exd5 cxd5 21. e4
dxe4 1/2-1/2

[Event "Tradewise Gibraltar Chess Festival 2013"]
[Site "Gibraltar ENG"]
[Date "2013.01.25"]
[Round "4.12"]
[White "Larino Nieto, David"]
[Black "Fridman, Daniel"]
[Result "1/2-1/2"]
[WhiteElo "2497"]
[BlackElo "2667"]
[PlyCount "174"]
[EventDate "2013.01.22"]
[EventType "swiss"]
[EventRounds "10"]
[EventCountry "ENG"]
[Source "lmi"]
[SourceDate "2013.01.22"]

1. d4 Nf6 2. Nf3 e6 3. e3 c5 4. c4 cxd4 5. Nxd4 Nc6 6. Nc3 Bb4 7. Ndb5 d5 8. a3
Bxc3+ 9. Nxc3 O-O 10. b4 dxc4 11. Bxc4 Qxd1+ 12. Nxd1 b6 13. Bb2 Bb7 14. f3
Rac8 15. Rc1 Nd7 16. Be2 Nce5 17. Rc3 Bd5 18. e4 Bc4 19. Ne3 Bxe2 20. Kxe2 Rxc3
21. Bxc3 Rc8 22. Bb2 Kf8 23. Rd1 Ke8 24. f4 Ng6 25. g3 f6 26. Rd2 Ne7 27. a4 a6
28. Rc2 b5 29. Rxc8+ Nxc8 30. axb5 axb5 31. Kd3 Nb8 32. Bd4 Na6 33. Nc2 Ne7 34.
Bc5 Nc6 35. Bd6 Kd7 36. Bf8 Ke8 37. Bd6 Kd7 38. e5 fxe5 39. fxe5 Nc7 40. Na3
Ne8 41. Bc5 Nxe5+ 42. Ke4 Ng4 43. Nxb5 Nef6+ 44. Kd3 Nxh2 45. Nc3 Nhg4 46. b5
g5 47. Ba7 h5 48. Ne2 Ne5+ 49. Kd4 Nf7 50. Bb8 Kc8 51. Ba7 Nd7 52. Kd3 Nd6 53.
Be3 Ne5+ 54. Kd4 Nf3+ 55. Kc5 Nf5 56. Bf2 Kb7 57. Kc4 Nd6+ 58. Kd3 Ne5+ 59. Kd4
Ng4 60. Bg1 h4 61. gxh4 gxh4 62. Kd3 e5 63. Nc3 h3 64. Ne4 Nf7 65. Kc4 h2 66.
Bxh2 Nxh2 67. Kd5 Ng4 68. Nc5+ Kb6 69. Nd7+ Kc7 70. Nxe5 Nfxe5 71. b6+ Kb7 72.
Kd6 Nc6 73. Kd5 Nge5 74. Ke4 Nd7 75. Ke3 Nc5 76. Kf2 Nb8 77. Kg1 Kc6 78. b7 Kd5
79. Kf2 Ke4 80. Ke2 Nd3 81. Kd2 Nf4 82. Ke1 Ke3 83. Kf1 Kf3 84. Kg1 Kg3 85. Kf1
Ne6 86. Kg1 Nd8 87. Kf1 Nxb7 1/2-1/2

[Event "Tradewise Gibraltar Chess Festival 2013"]
[Site "Gibraltar ENG"]
[Date "2013.01.25"]
[Round "4.13"]
[White "Georgiev, Kiril"]
[Black "Muzychuk, Mariya"]
[Result "1-0"]
[WhiteElo "2643"]
[BlackElo "2471"]
[PlyCount "119"]
[EventDate "2013.01.22"]
[EventType "swiss"]
[EventRounds "10"]
[EventCountry "ENG"]
[Source "lmi"]
[SourceDate "2013.01.22"]

1. d4 f5 2. g3 Nf6 3. Bg2 g6 4. Nf3 Bg7 5. O-O O-O 6. c4 d6 7. Nc3 Nc6 8. d5
Na5 9. Qa4 c5 10. dxc6 Nxc6 11. Rd1 Qb6 12. Be3 Qxb2 13. Rab1 Qxc3 14. Bd2 Nd4
15. Bxc3 Nxe2+ 16. Kf1 Nxc3 17. Qb3 Nxb1 18. Rxb1 Ne4 19. c5+ Kh8 20. cxd6 exd6
21. Kg1 b6 22. Ng5 Bd4 23. Rf1 Bd7 24. Qd5 Bc5 25. Bxe4 fxe4 26. Nxe4 Bh3 27.
Ng5 Bd7 28. Ne4 Bh3 29. Re1 Rae8 30. Qd2 Re5 31. Nxc5 Rxe1+ 32. Qxe1 dxc5 33.
Qc3+ Kg8 34. g4 Bxg4 35. Qc4+ Kg7 36. Qxg4 Rf5 37. Qe4 Rg5+ 38. Kf1 Rf5 39.
Qe7+ Rf7 40. Qd6 Rf5 41. Ke2 Rf7 42. Ke3 Rf5 43. Qc7+ Rf7 44. Qe5+ Kg8 45. f4
h6 46. Qe6 Kg7 47. Ke4 Rf5 48. a4 Rf7 49. h4 h5 50. Qe8 Rf5 51. Qd8 Rf8 52.
Qc7+ Rf7 53. Qb8 Re7+ 54. Kd5 Rf7 55. Qe5+ Rf6 56. f5 gxf5 57. Qe7+ Rf7 58.
Qg5+ Kf8 59. Qxh5 Ke7 60. Qg5+ 1-0

[Event "Tradewise Gibraltar Chess Festival 2013"]
[Site "Gibraltar ENG"]
[Date "2013.01.25"]
[Round "4.14"]
[White "Jussupow, Artur"]
[Black "Oparin, Grigoriy"]
[Result "1/2-1/2"]
[WhiteElo "2611"]
[BlackElo "2478"]
[PlyCount "55"]
[EventDate "2013.01.22"]
[EventType "swiss"]
[EventRounds "10"]
[EventCountry "ENG"]
[Source "lmi"]
[SourceDate "2013.01.22"]

1. d4 d5 2. c4 e6 3. Nc3 Be7 4. Nf3 Nf6 5. Bg5 h6 6. Bh4 O-O 7. e3 b6 8. Rc1
Bb7 9. Be2 Nbd7 10. cxd5 exd5 11. O-O c5 12. Qa4 a6 13. dxc5 bxc5 14. Rfd1 Qb6
15. Qb3 Qxb3 16. axb3 Rfd8 17. Bg3 Nf8 18. Ne5 Ne6 19. Bf3 Ng5 20. Na4 Nfe4 21.
Bf4 Ne6 22. Nb6 Ra7 23. h3 Nxf4 24. exf4 Nf6 25. Na4 Rc8 26. Nb6 Rd8 27. Na4
Rc8 28. Nb6 1/2-1/2